[Event "Nordic-ch U15"]
[Site "Heinola"]
[Date "2018.02.10"]
[Round "4"]
[White "Ytterberg, Felix"]
[Black "Fjallheim, Leif Reinert"]
[Result "1/2-1/2"]
[WhiteElo "1875"]
[BlackElo "1752"]
[PlyCount "215"]
[EventDate "2018.02.09"]
[EventType "swiss"]
[EventRounds "6"]
[EventCountry "FIN"]
[SourceTitle "EXT 2019"]
[Source "ChessBase"]
[SourceDate "2018.10.10"]
[SourceVersion "1"]
[SourceVersionDate "2018.10.10"]
[SourceQuality "1"]

1. d4 Nf6 2. c4 g6 3. Nf3 Bg7 4. g3 d6 5. Bg2 0-0 6. 0-0 Nc6 7. Nc3 Bg4 8. h3 Bxf3 9. Bxf3 Nd7 10. e3 e5 11. d5 Ne7 12. Qc2 f5 13. Bg2 a5 14. b3 Nc5 15. Bb2 Nc8 16. a3 e4 17. Ne2 Be5 18. Bd4 Nb6 19. Qc3 Qe7 20. b4 axb4 21. axb4 Ncd7 22. Qb3 Nf6 23. Ra5 Kg7 24. Rfa1 Rab8 25. R1a3 h5 26. h4 Kh6 27. Rb5 Nc8 28. Rba5 Nb6 29. Nf4 Ng4 30. Ne6 Rfe8 31. Bxb6 cxb6 32. Rb5 Bf6 33. Rxb6 Ne5 34. c5 dxc5 35. bxc5 Nd7 36. Rxb7 Rxb7 37. Qxb7 Nxc5 38. Qxe7 Bxe7 39. Nxc5 Bxc5 40. Ra5 Bd6 41. Bf1 Rd8 42. Kg2 Kg7 43. Bb5 Kf6 44. Bc6 Ke5 45. Ra7 Rg8 46. Rh7 Bb4 47. f4+ exf3+ 48. Kxf3 Bc5 49. Rb7 Bd6 50. Rb6 Rb8 51. Ra6 Rd8 52. Ra7 Rg8 53. Ra5 Rd8 54. Ra7 Rg8 55. Ra6 Rd8 56. Ra5 Bb4 57. Ra4 Rb8 58. Ke2 Bd6 59. Rd4 Rb2+ 60. Kf3 Rb3 61. Rc4 Rb8 62. Rc3 Bb4 63. Rb3 Bd6 64. Rd3 Rd8 65. Rd1 Rb8 66. Bd7 Rb3 67. Be6 Bc5 68. Re1 Kf6 69. Re2 Rc3 70. Bg8 Kg7 71. Be6 Kf6 72. Re1 Ra3 73. Kf2 Rd3 74. Re2 Rc3 75. Kf3 Ra3 76. Bd7 Ke7 77. Bc8 Kd6 78. Kf4 Kxd5 79. Kg5 Rxe3 80. Rd2+ Kc6 81. Bd7+ Kc7 82. Kxg6 Rxg3+ 83. Kxh5 f4 84. Bb5 Be3 85. Rd3 Kb6 86. Bc4 Kc5 87. Bd5 Bd4 88. Rxg3 fxg3 89. Bg2 Kd6 90. Kg4 Ke6 91. Kxg3 Kf6 92. Be4 Kg7 93. Kg4 Kh8 94. h5 Be3 95. Kf5 Bc1 96. Kg6 Bd2 97. Kf7 Be3 98. Bg6 Bc1 99. Kf8 Bd2 100. Be8 Bc1 101. Kf7 Bd2 102. Kg6 Bc1 103. Bf7 Bh6 104. Bg8 Bc1 105. Bh7 Bh6 106. Bg8 Bc1 107. Bh7 Bh6 108. Kxh6 1/2-1/2